[Event "Belgrade-chT Quality"]
[Site "Belgrade"]
[Date "2015.11.02"]
[Round "8"]
[White "Blazic, Milan"]
[Black "Resan, Branko"]
[Result "0-1"]
[WhiteElo "1937"]
[BlackElo "2043"]
[PlyCount "84"]
[EventDate "2015.10.03"]
[EventType "team-tourn"]
[EventRounds "11"]
[EventCountry "SRB"]
[SourceTitle "EXT 2018"]
[Source "ChessBase"]
[SourceDate "2017.10.13"]
[SourceVersion "1"]
[SourceVersionDate "2017.10.13"]
[SourceQuality "1"]

1. d4 d5 2. c4 e6 3. Nc3 Nf6 4. Bg5 Nbd7 5. Nf3 c6 6. e3 Be7 7. Bd3 Qb6 8. Rb1 Qa5 9. c5 Qc7 10. Bf4 Qd8 11. Ne5 Nxe5 12. Bxe5 0-0 13. 0-0 Nd7 14. Bg3 f5 15. b4 b6 16. b5 Bb7 17. cxb6 axb6 18. bxc6 Bxc6 19. Qe2 g5 20. Nb5 Bxb5 21. Bxb5 Nf6 22. Rfc1 Rc8 23. Rxc8 Qxc8 24. Ba6 Qc6 25. Qb2 Ra8 26. Qxb6 Rxa6 27. Qb8+ Kf7 28. Be5 Ra8 29. Qb2 Rc8 30. h3 Nd7 31. Bg3 Bd6 32. Qe2 Kg6 33. f4 h6 34. Bf2 Nf6 35. g4 Ne4 36. Rf1 Qc4 37. gxf5+ exf5 38. Qb2 Rb8 39. Qa1 Qc7 40. Qe1 Rb2 41. fxg5 hxg5 42. a4 Bg3 0-1

[Event "Belgrade-chT Quality"]
[Site "Belgrade"]
[Date "2015.10.11"]
[Round "4"]
[White "Resan, Branko"]
[Black "Lecic, Predrag"]
[Result "0-1"]
[WhiteElo "2043"]
[BlackElo "2166"]
[PlyCount "113"]
[EventDate "2015.10.03"]
[EventType "team-tourn"]
[EventRounds "11"]
[EventCountry "SRB"]
[SourceTitle "EXT 2018"]
[Source "ChessBase"]
[SourceDate "2017.10.13"]
[SourceVersion "1"]
[SourceVersionDate "2017.10.13"]
[SourceQuality "1"]

1. e4 c6 2. d4 d5 3. e5 Bf5 4. Bd3 Bxd3 5. Qxd3 e6 6. f4 g6 7. Nf3 a6 8. h4 h5 9. Ng5 Ne7 10. Nd2 Nf5 11. Nf1 c5 12. c3 cxd4 13. cxd4 Nc6 14. Be3 Qb6 15. Nf3 Qxb2 16. Qb1 Bb4+ 17. Bd2 Bxd2+ 18. N1xd2 Qxb1+ 19. Rxb1 b5 20. Nb3 Nb4 21. Kd2 Ng3 22. Rhc1 Ne4+ 23. Ke3 Nxa2 24. Rc7 0-0 25. Nc5 Nac3 26. Rb3 Nxc5 27. dxc5 Ne4 28. Nd4 Rfc8 29. Rxc8+ Rxc8 30. c6 Kf8 31. Ra3 Nc5 32. Rc3 Na4 33. Ra3 Ke7 34. Kd2 Kd8 35. Kc2 Kc7 36. g4 hxg4 37. Rg3 Kb6 38. Rxg4 Kc5 39. f5 exf5 40. Rf4 Nb6 41. h5 gxh5 42. Kd3 Nc4 43. Rxf5 h4 44. e6 fxe6 45. Nxe6+ Kxc6 46. Rh5 Kd6 47. Nf4 Ne5+ 48. Kd2 a5 49. Rh6+ Kc5 50. Kc3 d4+ 51. Kb3 a4+ 52. Ka2 d3 53. Rh5 Kd4 54. Rxh4 d2 55. Rh1 Rc2+ 56. Kb1 Rc1+ 57. Rxc1 0-1

[Event "Belgrade-chT Quality"]
[Site "Belgrade"]
[Date "2015.10.04"]
[Round "2"]
[White "Resan, Branko"]
[Black "Bilbija, Zoran"]
[Result "1-0"]
[WhiteElo "2043"]
[BlackElo "2106"]
[PlyCount "85"]
[EventDate "2015.10.03"]
[EventType "team-tourn"]
[EventRounds "11"]
[EventCountry "SRB"]
[SourceTitle "EXT 2018"]
[Source "ChessBase"]
[SourceDate "2017.10.13"]
[SourceVersion "1"]
[SourceVersionDate "2017.10.13"]
[SourceQuality "1"]

1. d4 d5 2. Nf3 Nf6 3. Nc3 c6 4. e3 Bg4 5. Be2 Nbd7 6. 0-0 e6 7. Ne5 Bxe2 8. Nxe2 Nxe5 9. dxe5 Nd7 10. f4 Qb6 11. c3 Be7 12. Nd4 c5 13. Nf3 0-0-0 14. Qc2 Kb8 15. b3 f6 16. c4 d4 17. Rd1 fxe5 18. fxe5 Nf8 19. Qe4 dxe3 20. Rxd8+ Qxd8 21. Bxe3 Ng6 22. Bf2 Rf8 23. Bg3 Qd7 24. h4 Rd8 25. h5 Nf8 26. Rf1 Qd3 27. Qxd3 Rxd3 28. Kh1 Nd7 29. Ne1 Rd2 30. Rf7 Bf8 31. Nf3 Rd3 32. Ng5 Kc8 33. Nxe6 Re3 34. Nxf8 Nxe5 35. Rxg7 h6 36. Rg8 Nf7 37. Ne6+ Kd7 38. Nxc5+ Kc6 39. Rc8+ Kb6 40. b4 Re7 41. Bf2 Re2 42. a4 a5 43. Nd7+ 1-0

[Event "Belgrade tt Cup"]
[Site "Belgrade"]
[Date "2015.04.25"]
[Round "5.2"]
[White "Jevtic, Miroljub L"]
[Black "Resan, Branko"]
[Result "0-1"]
[WhiteElo "2008"]
[BlackElo "2041"]
[PlyCount "94"]
[EventDate "2015.04.20"]
[EventType "team-swiss"]
[EventRounds "5"]
[EventCountry "SRB"]
[SourceTitle "CBM 166 Extra"]
[Source "ChessBase"]
[SourceDate "2015.06.18"]
[SourceVersion "1"]
[SourceVersionDate "2015.06.18"]
[SourceQuality "1"]
[WhiteTeam "Vreoci Turbina"]
[BlackTeam "Rakovica"]
[WhiteTeamCountry "SRB"]
[BlackTeamCountry "SRB"]

1. d4 d5 2. Nf3 Nf6 3. g3 e6 4. Bg2 Be7 5. 0-0 Nbd7 6. Bf4 Nh5 7. Bd2 0-0 8. Nc3 f5 9. Qc1 c6 10. Ne5 Qb6 11. Be3 Nxe5 12. dxe5 d4 13. Bf3 dxe3 14. Bxh5 exf2+ 15. Kg2 Qc5 16. Rxf2 Qxe5 17. Qf4 Qxf4 18. gxf4 Rd8 19. e4 g6 20. Be2 Bf6 21. e5 Be7 22. a4 Bb4 23. Bc4 Kf7 24. Rd1 Rxd1 25. Nxd1 Bd7 26. c3 Bc5 27. Rd2 Rd8 28. b4 Be7 29. Ne3 b5 30. Bb3 c5 31. axb5 cxb4 32. Ra2 bxc3 33. Ra6 Bc5 34. Nd1 c2 35. Bxc2 Bxb5 36. Ra5 Bc6+ 37. Kg3 Bb6 38. Ra3 Rd2 39. Rc3 Bd5 40. Ba4 Rd4 41. Ra3 Rd2 42. Ne3 Bxe3 43. Rxe3 Rg2+ 44. Kh3 Rg4 45. Re2 Rxf4 46. Bc2 g5 47. Re3 Rh4+ 0-1

[Event "Belgrade-chT"]
[Site "Belgrade"]
[Date "2014.05.09"]
[Round "4"]
[White "Resan, Branko"]
[Black "Nenezic, Zoran"]
[Result "0-1"]
[WhiteElo "2078"]
[BlackElo "1837"]
[PlyCount "78"]
[EventDate "2014.05.05"]
[EventType "swiss"]
[EventRounds "5"]
[EventCountry "SRB"]
[SourceTitle "CBM 160 Extra"]
[Source "ChessBase"]
[SourceDate "2014.07.01"]
[SourceVersion "1"]
[SourceVersionDate "2014.07.01"]
[SourceQuality "1"]

1. e4 Nf6 2. Nc3 d5 3. exd5 Nxd5 4. d4 g6 5. Bc4 c6 6. Nf3 Bg7 7. 0-0 0-0 8. Bxd5 cxd5 9. Ne5 Nc6 10. f4 Bf5 11. g4 Bc8 12. Be3 f6 13. Nxc6 bxc6 14. f5 e6 15. fxg6 hxg6 16. Qd3 f5 17. gxf5 exf5 18. Kh1 g5 19. Bf2 Qf6 20. Rae1 f4 21. h3 Bf5 22. Qf3 Rae8 23. Kh2 Qg6 24. Rg1 Rxe1 25. Rxe1 Re8 26. Rxe8+ Qxe8 27. Ne2 Bxc2 28. Qg4 Bd1 29. Qxg5 Bxe2 30. Qxf4 Bd3 31. Qg5 Qg6 32. h4 Qxg5 33. hxg5 Kf7 34. b4 Kg6 35. Kg3 Kxg5 36. Kf3 Kf5 37. Ke3 Bc4 38. Kd2 Bh6+ 39. Kc3 Ke4 0-1

[Event "Belgrade-chT"]
[Site "Belgrade"]
[Date "2014.05.07"]
[Round "2"]
[White "Resan, Branko"]
[Black "Kostic, Vasilije"]
[Result "1-0"]
[WhiteElo "2078"]
[BlackElo "1779"]
[PlyCount "100"]
[EventDate "2014.05.05"]
[EventType "swiss"]
[EventRounds "5"]
[EventCountry "SRB"]
[SourceTitle "CBM 160 Extra"]
[Source "ChessBase"]
[SourceDate "2014.07.01"]
[SourceVersion "1"]
[SourceVersionDate "2014.07.01"]
[SourceQuality "1"]

1. e4 e5 2. Nf3 Nc6 3. Bb5 a6 4. Ba4 d6 5. c3 Nf6 6. d3 Be7 7. Be3 0-0 8. Nbd2 Bd7 9. Bc2 Ng4 10. Nf1 Be6 11. h3 Nxe3 12. Nxe3 Re8 13. g4 d5 14. Qe2 d4 15. Nf5 Bxf5 16. gxf5 Qd6 17. h4 h6 18. Rg1 Rab8 19. Nh2 Bxh4 20. Qh5 Be7 21. Bb3 Rf8 22. Rg6 Qd8 23. Qxh6 Bf6 24. Ng4 Na5 25. Qh5 Nxb3 26. Nxf6+ Qxf6 27. Rxf6 Nxa1 28. Rg6 fxg6 29. fxg6 Rfd8 30. Qh7+ Kf8 31. Qh8+ Ke7 32. Qxg7+ Kd6 33. Qf6+ Kd7 34. Qf7+ Kc6 35. Qe6+ Rd6 36. Qc4+ Kb6 37. g7 Rdd8 38. cxd4 exd4 39. f4 c5 40. f5 Rg8 41. f6 Rbc8 42. Kd2 Ka7 43. e5 b5 44. Qe6 c4 45. dxc4 bxc4 46. Qxc8 Rxc8 47. f7 c3+ 48. bxc3 dxc3+ 49. Kc1 Rc5 50. f8Q Rxe5 1-0

[Event "Belgrade City-chT"]
[Site "Belgrade"]
[Date "2013.11.03"]
[Round "4"]
[White "Milin, Dragan"]
[Black "Resan, Branko"]
[Result "1-0"]
[WhiteElo "2005"]
[BlackElo "2113"]
[PlyCount "75"]
[EventDate "2013.10.26"]
[EventType "team-tourn"]
[EventRounds "11"]
[EventCountry "SRB"]
[SourceTitle "EXT 2015"]
[Source "ChessBase"]
[SourceDate "2014.11.20"]
[SourceVersion "1"]
[SourceVersionDate "2014.11.20"]
[SourceQuality "1"]

1. d4 d5 2. Nf3 e6 3. e3 Nf6 4. Bd3 c5 5. c3 Nc6 6. Nbd2 cxd4 7. exd4 Be7 8. 0-0 0-0 9. Re1 Qc7 10. Ne5 g6 11. f4 Nh5 12. Ndf3 f6 13. Nxc6 bxc6 14. g3 c5 15. Qe2 Bd6 16. Be3 c4 17. Bc2 Bd7 18. Bd2 Rae8 19. b3 Ng7 20. b4 Qb6 21. Kg2 Bc6 22. Be3 Qb7 23. Kg1 e5 24. fxe5 fxe5 25. Nxe5 Bxe5 26. dxe5 Rxe5 27. Qd2 Nf5 28. Bc5 Rfe8 29. Bxf5 Rxf5 30. Rxe8+ Bxe8 31. Re1 Qf7 32. Qg2 Qd7 33. Qe2 Bf7 34. Qe3 Rf6 35. Qh6 Be6 36. Bd4 Rf7 37. Qe3 Bh3 38. Qe5 1-0

[Event "Belgrade City-chT"]
[Site "Belgrade"]
[Date "2013.10.26"]
[Round "1"]
[White "Resan, Branko"]
[Black "Djakovic, Todor"]
[Result "1/2-1/2"]
[WhiteElo "2113"]
[BlackElo "1759"]
[PlyCount "140"]
[EventDate "2013.10.26"]
[EventType "team-tourn"]
[EventRounds "11"]
[EventCountry "SRB"]
[SourceTitle "EXT 2015"]
[Source "ChessBase"]
[SourceDate "2014.11.20"]
[SourceVersion "1"]
[SourceVersionDate "2014.11.20"]
[SourceQuality "1"]

1. e4 e5 2. Nf3 Nc6 3. Nc3 Nf6 4. d4 d6 5. Bb5 exd4 6. Nxd4 Bd7 7. Nxc6 Bxc6 8. Bxc6+ bxc6 9. 0-0 Be7 10. f4 0-0 11. Be3 Qe8 12. Qf3 Nd7 13. Ne2 c5 14. b3 f5 15. exf5 Rxf5 16. Ng3 Rf8 17. Rae1 Qf7 18. Qc6 Nb6 19. Qxc7 Nd5 20. Qb7 Rfb8 21. Qd7 Nxe3 22. Rxe3 Bf6 23. Qxf7+ Kxf7 24. Rd3 Rd8 25. Rfd1 d5 26. Kf1 d4 27. Ne4 Be7 28. Ke2 Rab8 29. Kf3 Rdc8 30. Nd2 Bf6 31. Nc4 Rc6 32. g4 h6 33. h4 g5 34. hxg5 hxg5 35. Rh1 Bg7 36. fxg5 Re6 37. Rf1 Kg6 38. Kg3 Re2 39. Rd2 Rbe8 40. Rxe2 Rxe2 41. Rf2 Re1 42. Rf5 Re2 43. Rf2 Re1 44. Kf4 Bh8 45. a4 Bg7 46. Rg2 Bh8 47. Nd2 Be5+ 48. Kf3 Re3+ 49. Kf2 Rc3 50. Ne4 Rxc2+ 51. Kf3 Rc1 52. Rd2 a5 53. Ke2 c4 54. bxc4 Rxc4 55. Ra2 Rb4 56. Kd3 Bg7 57. Rc2 Rxa4 58. Rc6+ Kh7 59. Nf6+ Bxf6 60. gxf6 Kg6 61. g5 Rb4 62. Rc5 a4 63. Ra5 a3 64. Ra8 Rb5 65. Rg8+ Kf7 66. Rg7+ Kf8 67. g6 Rg5 68. Rf7+ Kg8 69. Rg7+ Kf8 70. Kxd4 a2 1/2-1/2